| 000 | 00611nam a2200217Ia 4500 | ||
|---|---|---|---|
| 005 | 20220804114733.0 | ||
| 008 | 131103s9999 xx 000 0 und d | ||
| 040 | _aLoreto College | ||
| 041 | _aEnglish | ||
| 082 |
_a821.1 _bCHA-CUR |
||
| 100 | _aCurry,Walter Clyde | ||
| 245 |
_aChaucer and the medieval sciences _cWalter Clyde Curry |
||
| 250 | _arev.enlg.ed. | ||
| 260 |
_aLondon _bRuskin House _c1960 |
||
| 300 | _axxvi,367 p. | ||
| 504 | _aIncludes notes and bibliographical references | ||
| 650 | _aEnglish Poetry | ||
| 651 | _aMedieval English - Chaucer | ||
| 850 |
_aLCLIB _bPG |
||
| 942 | _cBK | ||
| 999 |
_c13205 _d63684 |
||